Normal view
MARC view
- Joshi K.R.
Entry Personal Name
001 - CONTROL NUMBER
- control field: 1304
003 - CONTROL NUMBER IDENTIFIER
- control field: OSt
005 - DATE AND TIME OF LATEST TRANSACTION
- control field: 20160826125611.0
008 - FIXED-LENGTH DATA ELEMENTS
- fixed length control field: 160826|| aca||aabn | a|a d
040 ## - CATALOGING SOURCE
- Original cataloging agency: OSt
- Transcribing agency: OSt
100 ## - HEADING--PERSONAL NAME
- Personal name: Joshi K.R.
670 ## - SOURCE DATA FOUND
- Source citation: Work cat.: (OSt): Joshi K.R., Immunology (Including Serology, Immunology and Immunohaematology), 2012
